00562 2200193 4500001002100000008004100021035001900062245010200081100001700183260003300200300002400233084001900257082001300276650001100289990001700300990001700317990001700334990001700351INLIS000000000011384 ind $a 0010-0721000224$a Cerita legenda sangkuriang & lutung kasarung : $b Cerita rakyat dari jawa barat / $c Puput Mugiati$a Puput Mugiati$a Surabaya : $b Karya Gemilang $a 128 hlm. ; $c 24 cm.$a 398.208 9 Pup c$a 398.208 9$a Dongeng$a 32170/Pb/2020$a 32171/Pb/2020$a 32172/Pb/2020$a 32173/Pb/2020